000 00581nam a2200241Ia 4500
003 OSt
005 20220924145921.0
006 a|||||r|||| 00| 0
007 ta
008 220923b |||||||| |||| 00| 0 tel d
020 _c30.00
024 _a330866
037 _cTextual
040 _aARTS
_cARTS
_btel
041 _2tel
_atel
082 _aO157,3M76,25, 35K6
100 _aSarat
_9220856
245 0 _aSavita
260 _c1966
650 _aBENGALI LITERATURE
942 _hO157,3M76,25, 35K6
_cTEXL
_2CC
999 _c461610
_d461610